Những gì mà bạn không được học ở trường?

Na minha lista:
Detalhes bibliográficos
Autor principal: Đức, Phước
Formato: Livro
Idioma:Vietnamese
Publicado em: Hà Nội Phụ Nữ 2007
Assuntos:
Tags: Adicionar Tag
Sem tags, seja o primeiro a adicionar uma tag!
Thư viện lưu trữ: Trung tâm Học liệu Lê Vũ Hùng, Trường Đại học Đồng Tháp
LEADER 00801aam a22002538a 4500
001 00028545
005 20171026081025.0
008 120329s2007 ||||||viesd
020 |c 42000 
041 0 # |a vie 
082 1 4 |b NH556G  |a 371.4 
100 1 # |a Đức, Phước 
245 1 0 |a Những gì mà bạn không được học ở trường?  |c Đức Phước 
260 # # |a Hà Nội  |b Phụ Nữ  |c 2007 
300 # # |a 195tr.  |c 21cm. 
650 # 4 |a Học sinh  |x Giáo dục 
653 # # |a Công tác xã hội 
653 # # |a Du học 
653 # # |a Hướng nghiệp 
653 # # |a Tự học 
852 # # |b Kho đọc  |j KD.0012730 
852 # # |j KD.0012730 
910 |d 29/03/2012 
980 # # |a Trung tâm Học liệu Lê Vũ Hùng, Trường Đại học Đồng Tháp